Nivelación en lectura comprensiva; ingreso 2003 /
Guardado en:
| Autor Principal: | |
|---|---|
| Otros Autores: | , |
| Formato: | Libro |
| Publicado: |
Bahía Blanca :
Universidad Nacional del Sur,
2003
|
| Materias: | |
| Etiquetas: |
Agregar Etiqueta
Sin Etiquetas, Sea el primero en etiquetar este registro!
|
| LEADER | 00621nam a22002055a 4500 | ||
|---|---|---|---|
| 001 | CEM.cems011109 | ||
| 005 | 20060214000000.0 | ||
| 008 | 130507s2003##################000#0#####d | ||
| 003 | CEMS | ||
| 082 | 0 | 4 | |a F468 |
| 100 | 1 | |a Monti, Claudia | |
| 245 | 1 | 0 | |a Nivelación en lectura comprensiva; ingreso 2003 / |
| 260 | |a Bahía Blanca : |b Universidad Nacional del Sur, |c 2003 | ||
| 300 | |a 62 p. | ||
| 653 | |a Lectura | ||
| 653 | |a Lectura comprensiva-ingreso un | ||
| 653 | |a Ingreso uns-2003 lectura compr | ||
| 700 | 1 | |a Gonzalez, Nora | |
| 700 | 1 | |a Castro Fox, Guillermina | |
| 859 | |a CEMS |b BIB. CEMS - 11 de abril |h F468 |i 4 |p 1885.44 |t Ej.1 | ||
